00822nam a2200229 i 450000100060000000300090000600500170001500700030003200800410003502000180007608000340009408000290012808000290015711000550018624500980024126000350033930000420037461000460041665100750046270000230053785200320056016440ES-MaACL20230906151324.0t|000921s1978 sp ||||1| spa d a84-235-0396-8 a930.255(465.1)Gen. de Navarra a016:946.51"12/17"(093.2) a946.51"12/17"(093.2):0162 aArchivo General de Navarra. bSección de Guerra.10aCatálogo de la Sección de Guerra b: documentos años 1259-1800 /cpor Florencio Idoate. aPamplona : bAranzadi, c1978. a626 p., [1] h. lám. col. ; c25 cm.27aArchivo General de Navarra-vCatálogos. 4aNavarra (Comunidad Autónoma)-xHistoria-vFuentes-vBibliografías.1 aIdoate, Florencio. aES-MaACLjG-2171 bR.119329